Μεταβολές χρήσεων γης σε τοπικό επίπεδο : η περίπτωση της ευρύτερης περιοχής του πρώην αεροδρομίου του Ελληνικού : πτυχιακή εργασία

Αποθηκεύτηκε σε:
Λεπτομέρειες βιβλιογραφικής εγγραφής
Κύριος συγγραφέας: Σκαρλάτος, Δημήτριος Κ.
Συγγραφή απο Οργανισμό/Αρχή: Πανεπιστήμιο Αιγαίου. Σχολή Κοινωνικών Επιστημών. Τμήμα Γεωγραφίας
Άλλοι συγγραφείς: Μπριασούλη, Ελένη (Εισηγητής διατριβής)
Μορφή: Thesis Βιβλίο
Γλώσσα:Greek
Δημοσίευση: Μυτιλήνη : Πανεπιστήμιο Αιγαίου, Τμήμα Γεωγραφίας, 2006
Θέματα:
Ετικέτες: Προσθήκη ετικέτας
Δεν υπάρχουν, Καταχωρήστε ετικέτα πρώτοι!

MARC

LEADER 00000cam a2200000 i 4500
001 1/36972
008 061107s2006 gre d
035 |l 10085957 
040 |a GR-MY-UA  |b gre  |e aacr 
041 0 |a gre 
082 0 |a 333.73  |2 (22) 
100 1 |a Σκαρλάτος, Δημήτριος Κ. 
245 1 0 |a Μεταβολές χρήσεων γης σε τοπικό επίπεδο :  |b η περίπτωση της ευρύτερης περιοχής του πρώην αεροδρομίου του Ελληνικού : πτυχιακή εργασία /  |c Σκαρλάτος Δημήτριος Κ. ; υπεύθυνη καθηγήτρια Μπριασούλη Ελένη 
260 |a Μυτιλήνη :   |b Πανεπιστήμιο Αιγαίου, Τμήμα Γεωγραφίας,   |c 2006 
300 |a 193 σ.;  |b χάρτες, φωτ., διαγρ., πιν.;  |c 30 εκ. 
502 # # |a Πτυχιακή εργασία – Πανεπιστήμιο Αιγαίου, Λέσβος, 2006. 
504 |a Βιβλιογραφία: σ. 191-193 
650 0 0 |a Land use  |x Case studies. 
650 0 0 |a Land use, Urban  |z Greece  |z Athens. 
650 0 0 |a Land use  |x Planning  |z Greece  |z Athens. 
650 0 0 |a Dissertations, Academic  |z Greece. 
700 1 |a Μπριασούλη, Ελένη.  |4 ths 
710 2 |a Πανεπιστήμιο Αιγαίου.   |b Σχολή Κοινωνικών Επιστημών.   |b Τμήμα Γεωγραφίας. 
852 |a INST  |b LESVOS  |c DIATR  |e 20061107  |h 399  |p 005100035147  |q 005100035147  |t DIE  |y 23 
852 |a INST  |b LESVOS  |c DIATR  |e 20061107  |h 400  |p 005100035146  |q 005100035146  |t DIE  |y 23 
901 |a BIBL1-2006-3 
909 |a Λ  |b 130015 
909 |a Λ  |b 130016 
924 |a ΣΚΑΡΛΑΤΟΣ  |b ΔΗΜΗΤΡΙΟΣ Κ.  |y ΛΕΣΒΟΣ  |z 2006-11 
970 |a ΜΑΡΙΝΑΤΟΥ  |b ΜΥΡΣΙΝΗ  |z 2006/11/07